मेरे साक्षात्कार / (Record no. 158307)

MARC details
000 -LEADER
fixed length control field 01088nam a22002537a 4500
005 - DATE AND TIME OF LATEST TRANSACTION
control field 20181024172336.0
008 - FIXED-LENGTH DATA ELEMENTS--GENERAL INFORMATION
fixed length control field 181024b ||||| |||| 00| 0 eng d
010 ## - LCCN (DPL NO)
LC control number
020 ## - INTERNATIONAL STANDARD BOOK NUMBER
Terms of availability 100.00
035 ## - SYSTEM CONTROL NUMBER
System control number A-730362
037 ## - SOURCE OF ACQUISITION
Source of stock number/acquisition DBAD / PUB
040 ## - CATALOGING SOURCE
Original cataloging agency DPL
Language of cataloging HN
082 ## - DEWEY DECIMAL CLASSIFICATION NUMBER
Classification number 808.88
100 ## - MAIN ENTRY--PERSONAL NAME
Personal name शिवप्रसाद सिंह
9 (RLIN) 40712
245 ## - TITLE STATEMENT
Title मेरे साक्षात्कार /
Statement of responsibility, etc शिवप्रसाद सिंह
246 ## - VARYING FORM OF TITLE
Title proper/short title Mere Saakshaatkaara
Remainder of title
260 ## - PUBLICATION, DISTRIBUTION, ETC. (IMPRINT)
Place of publication, distribution, etc दिल्ली
Name of publisher, distributor, etc किताबघर प्रकाशन
Date of publication, distribution, etc 1995
270 ## - ADDRESS
Address 24, अंसारी रोड़, दरियागंज
City दिल्ली
Postal code 110002
300 ## - PHYSICAL DESCRIPTION
Extent 192पृ
Dimensions 22सेमी (सजिल्द)
490 ## - SERIES STATEMENT
Series statement मेरे साक्षात्कार सीरिज
650 ## - SUBJECT ADDED ENTRY--TOPICAL TERM
Topical term or geographic name as entry element हिन्दी साहित्य
General subdivision इतिहास एवं समालोचना
9 (RLIN) 40714
650 ## - SUBJECT ADDED ENTRY--TOPICAL TERM
Topical term or geographic name as entry element Hindi literature
General subdivision History and criticism
9 (RLIN) 40715
942 ## - ADDED ENTRY ELEMENTS (KOHA)
Source of classification or shelving scheme Dewey Decimal Classification
Item type Hindi Books
Call number suffix शिवप्र
Classification part 808.88
Holdings
Withdrawn status Lost status Source of classification or shelving scheme Damaged status Not for loan Collection code Home library Current library Date acquired Source of acquisition Cost, normal purchase price Total Checkouts Full call number Barcode Date last seen Cost, replacement price Koha item type
    Dewey Decimal Classification     Non-fiction Shahdara Branch Shahdara Branch 24/10/2018 BPPD/PUB 100.00   808.88 शिवप्र A-730362 24/10/2018 100.00 Hindi Books

© Delhi Public Library
Hit Counter
free hit counter